000 00893nam a2200289Ia 4500
003 OSt
005 20220912151742.0
006 a|||||r|||| 00| 0
007 ta
008 220909b |||||||| |||| 00| 0 eng d
024 _a52426
037 _cTextual
040 _aCSL
_beng
_cCSL
041 _aeng
082 _aJ:3p1,N84, M5
100 _aWillemse M T M Ed.
111 _aInternational conference on sexual reproduction in seed plants ferns and mosses (8 : 1984 : Netherlands)
245 0 _aProceeding on sexual reproduction in seed plants ferns and mosses
260 _aWageningen
_bPudoc
_c1985
300 _a206p.
_ccm.
500 _aIncludes bibliography
650 _a Propagation
650 _aAgriculture
700 _a Van Went J L Ed.
942 _hJ:3p1,N84, M5
_cTEXL
_2CC
999 _c74542
_d74542